000 00267nam a22001217a 4500
008 170630b xxu||||| |||| 00| 0 eng d
041 _aeng
080 _a82
100 _a22
101 _aGJL
245 _aIMPROVING AURAL COMPREHENSION
_cMORLEY, J
942 _2udc
_cBK
999 _c19743
_d19743